000 01334nam2a2200241 4500
001 RU\NLR\BIBL_A\010022487
005 20250613200309.0
010 _a978-5-202-01066-8
021 _aRU
_b2013-95039
_96589
035 _a(NLR Aleph) 010022487
090 _a9908440
_c9908440
100 _a20140117d2012 |||y0rusy50 ca
101 0 _arus
102 _aRU
105 _ay ||j|||000yy
200 1 _aС древнейших времен до 1917 года
210 _d2012
_aБ. м.
215 _a327 с.
461 0 _1001RU\NLR\BIBL_A\010472319
_12000#$aИстория России$eучебное пособие для студентов технических вузов$fМ-во образования и науки Рос. Федерации, Кемер. технол. ин-т пищевой пром-сти$g[С.А. Васютин и др.$gА.В. Палин (отв. ред.)]$eв 2 т.$vТ. 1
_910026106
_cКемерово
_d2012
_fМ-во образования и науки Рос. Федерации, Кемер. технол. ин-т пищевой пром-сти
_nКузбассвузиздат
_oучебное пособие для студентов технических вузов : в 2 т.
_tИстория России
_vТ. 1
942 _cBOOK
980 _aNB